01171nam0a22002411 4500001001100000005001700011021001900028035002600047100004100073101000800114102000700122105001800129200030800147210004500455215002300500320006500523606009500588606011600683702007100799801001800870801002200888852001900910rc\468880020250612153341.0 aRUb[68-41324] a(NLR Aleph) 008712247 a20130416d1968 |||y0rusy50 ca0 arus aRU aa z |||||1 aПрактикум по полупроводникам и полупроводниковым приборамe[Для вузов по специальностям полупроводниковой техники]fПод ред. проф. д-ра физ.-мат. наук К.В. Шалимовой aМоскваcВысш. школаd1968 a464 с.cил.d22 aБиблиогр. в конце глав и разделов aПолупроводникиjПрактические работы учащихся2psbo aПолупроводниковые приборыjПрактические работы учащихся2psbo 1aШалимоваbК.В.gКлавдия Васильевна4340 0aRUbNLRgpsbo 1aRUbELAR2rusmarc aNLRj68-5/2712